Một nghiên cứu về các nguyên tắc nhận thức của con người
Nghiên cứu về các nguyên tắc nhận thức của con người
Zapisane w:
| 1. autor: | |
|---|---|
| Format: | Książka |
| Język: | Undetermined |
| Wydane: |
Hà Nội
Tri thức
2016
|
| Hasła przedmiotowe: | |
| Etykiety: |
Dodaj etykietę
Nie ma etykietki, Dołącz pierwszą etykiete!
|
| Thư viện lưu trữ: | Trung tâm Học liệu Trường Đại học Cần Thơ |
|---|
| LEADER | 00822nam a2200217Ia 4500 | ||
|---|---|---|---|
| 001 | CTU_215635 | ||
| 008 | 210402s9999 xx 000 0 und d | ||
| 020 | |c 60000 | ||
| 082 | |a 121 | ||
| 082 | |b B512 | ||
| 100 | |a Berkeley, George | ||
| 245 | 0 | |a Một nghiên cứu về các nguyên tắc nhận thức của con người | |
| 245 | 0 | |c George Berkeley ; Đinh Hồng Phúc, Mai Sơn (dịch) ; Bùi Văn Nam Sơn (hiệu đính) | |
| 260 | |a Hà Nội | ||
| 260 | |b Tri thức | ||
| 260 | |c 2016 | ||
| 520 | |a Nghiên cứu về các nguyên tắc nhận thức của con người | ||
| 650 | |a Methodolody,Trung tâm Học liệu ĐHCT | ||
| 650 | |x Phương pháp luận | ||
| 904 | |i Nguyên | ||
| 980 | |a Trung tâm Học liệu Trường Đại học Cần Thơ | ||